00374nam a22001337a 450000500170000000800410001704100120005808200120007010000130008224500400009526000550013530000240019065000260021420240705093709.0240705b |||||||| |||| 00| 0 eng d aEnglish a349 PRE lEnglish  aPrentice Hall Weekly Legal Service  aDurban:bPrentice Hall Services (Pty.) Ltd,c1935  b51 pages; c25 cm.  aLegal practice bLaw